Semántico-Syntax

Enregistré dans:
Détails bibliographiques
Auteur principal: Liefrink, Frans
Format: Livre
Langue:Undetermined
Publié: Londres, Inglaterra Longman 1973
Sujets:
Tags: Ajouter un tag
Pas de tags, Soyez le premier à ajouter un tag!

MARC

LEADER 00000nam a2200000Ia 4500
008 170316s9999 xx 000 0 und d
090 |a 415-I L-6s 
100 |a Liefrink, Frans 
245 |a Semántico-Syntax 
260 |a Londres, Inglaterra 
260 |b Longman 
260 |c 1973 
300 |a 178 páginas 
650 |a GRAMÁTICA INGLESA 
999 |c 19449  |d 19449 
040 |a cru BVZT 
942 |c 15 D  |h 415-I L-6s  |2 z